| 000 | 00332nam a2200121Ia 4500 | ||
|---|---|---|---|
| 008 | 190216s9999||||xx |||||||||||||| ||und|| | ||
| 100 | _aMalik Wahad U &tuli G D & Madav R D | ||
| 245 | 0 | _aSelected Topics In Inorganic Chemistry | |
| 260 |
_bS Chand & Co _c1984 |
||
| 300 | _a598p | ||
| 650 | _aChemistry-Chemistry | ||
| 942 | _cBK | ||
| 999 |
_c2446 _d2446 |
||